• 首页
  • 本馆介绍
  • 公告通知
  • 最新文献
  • 馆藏检索
  • 电子资源
  • 读者导购
  • 参考咨询
  • 我的图书馆
  • 登录
  • 详细信息显示
  • 放入我的书架
  • 预约/预借图书
  • 作者相关作品
  • 分类相关作品
  • 丛书相关作品
  • 出版社相关作品

书目信息

  • 表格格式
  • 工作单格式
  • 卡片格式
题名:
改变方向
    
 
作者: 德蔻芬 著 ;焦晓菊 , 羿曼 译
分册:  
出版信息: 上海   复旦大学出版社  2013
页数: 237页
开本: 21cm
丛书名:
单 册:
中图分类: J811.2
科图分类:
主题词: 导演艺术--基本知识 , 导演艺术
电子资源:
ISBN: 978-7-309-09976-8
000 01096nam0 2200289 450
001 006837589
005 20140609145509.42
010    @a978-7-309-09976-8@dCNY38.00
100    @a20131014d2013 em y0chiy0110 ea
101 1  @achi@ceng
102    @aCN@b310000
105    @ay z 000yy
106    @ar
200 1  @a改变方向@9gai bian fang xiang@dChanging direction@e影视戏剧指导演员实用方法@f(美)丽诺·德蔻芬(Lenore Dekoven)著@g焦晓菊,羿曼译@zeng
210    @a上海@c复旦大学出版社@d2013
215    @a237页@d21cm
330    @a本书从剧本到角色发展、排练、选角,乃至于使用摄影机工作等无不囊括在内,并将基础理论跟演员的语言以及若干可用于研习班和课堂教学的实用练习结合起来。
510 1  @aChanging direction@zeng
517 1  @a影视戏剧指导演员实用方法@9ying shi xi ju zhi dao yan yuan shi yong fang fa
606 0  @a导演艺术@x基本知识
606 0  @a导演艺术
690    @aJ811.2@v5
701  0 @c(美)@a德蔻芬@9de kou fen@c(女,Dekoven, Lenore)@4著
702  0 @a焦晓菊@9jiao xiao ju@c(女)@4译
702  0 @a羿曼@9yi man@4译
801  0 @aCN@bNLC@c20131028
905    @b547945-47@dJ811.2@e80@f3
    
    改变方向=Changing direction:影视戏剧指导演员实用方法/(美)丽诺·德蔻芬(Lenore Dekoven)著/焦晓菊,羿曼译.-上海:复旦大学出版社,2013
    237页;21cm
    
    
    ISBN 978-7-309-09976-8:CNY38.00
    本书从剧本到角色发展、排练、选角,乃至于使用摄影机工作等无不囊括在内,并将基础理论跟演员的语言以及若干可用于研习班和课堂教学的实用练习结合起来。
●
相关链接 在E读中查询图书 在五车中查询图书 在当当中查询图书 在豆瓣中查询图书


正题名:改变方向     索取号:J811.2/80         预约/预借

序号 登录号 条形码 馆藏地/架位号 状态 备注
1 547945   205479454   第一样本阅览室/ [索取号:J811.2/80] 在馆    
2 547946   205479463   第一借阅区/ [索取号:J811.2/80] 在馆    
3 547947   205479472   密集书库-音乐系/ [索取号:J811.2/80] 在馆    
唐山师范学院图书馆 欢迎您!
大连网信软件有限公司© 版权所有